000 00743nam a2200253 i 4500
001 66717
003 ES-MaACL
005 20230906165809.0
007 t|
008 010122s2002 sp ||||0| spa j
020 _a84-254-2100-4
040 _aM-BN
_bspa
_cM-BN
080 _a167/168
100 1 _aGrondin, Jean.
_960131
245 1 0 _aIntroducción a la hermenéutica filosófica /
_cJean Grondin ; traducción, Angela Ackermann Pilári.
250 _a2ª ed.
260 _aBarcelona :
_bHerder,
_c2002.
300 _a269 p. ;
_c22 cm.
504 _aBibliografía: p. [201]-265.
650 4 _aHermenéutica.
_913329
700 1 _aAckerman Pilári, Angela.
_918279
852 _aES-MaACL
_jL-27206
_bR.132858
999 _c66717
_d66717